Why me Lord? / (Record no. 285)

MARC details
000 -LEADER
fixed length control field 00614cam a22002177a 4500
001 - CONTROL NUMBER
control field 2773259
003 - CONTROL NUMBER IDENTIFIER
control field GBCCL
005 - DATE AND TIME OF LATEST TRANSACTION
control field 20241126110334.0
008 - FIXED-LENGTH DATA ELEMENTS--GENERAL INFORMATION
fixed length control field 810605s1981 ilu 000 0 eng
010 ## -
-- 80052947
020 ## - INTERNATIONAL STANDARD BOOK NUMBER
International Standard Book Number 0896930076 (pbk.) :
Terms of availability $3.95
040 ## - CATALOGING SOURCE
Original cataloging agency DLC
Transcribing agency DLC
Modifying agency DLC
082 ## - DEWEY DECIMAL CLASSIFICATION NUMBER
Classification number 241.1
Item number POW
100 1# - MAIN ENTRY--PERSONAL NAME
Personal name Powell, Paul W.
9 (RLIN) 212
245 10 - TITLE STATEMENT
Title Why me Lord? /
Statement of responsibility, etc. Paul W. Powell.
260 ## - PUBLICATION, DISTRIBUTION, ETC.
Place of publication, distribution, etc. Wheaton, Ill. :
Name of publisher, distributor, etc. Victor Books,
Date of publication, distribution, etc. c1981.
300 ## - PHYSICAL DESCRIPTION
Extent 119 p. ;
Dimensions 21 cm.
440 #2 - SERIES STATEMENT/ADDED ENTRY--TITLE
Title A Victor adult elective/13 sessions
9 (RLIN) 213
906 ## - LOCAL DATA ELEMENT F, LDF (RLIN)
a 7
b cbc
c orignew
d 4
e ocip
f 19
g y-gencatlg
942 ## - ADDED ENTRY ELEMENTS (KOHA)
Source of classification or shelving scheme Dewey Decimal Classification
Koha item type Books
Koha issues (borrowed), all copies 9
Holdings
Withdrawn status Lost status Source of classification or shelving scheme Damaged status Not for loan Home library Current Library Shelving location Date acquired Total checkouts Full call number Barcode Date last seen Date last checked out Copy number Price effective from Koha item type Total renewals
    Dewey Decimal Classification     GRACE BIBLE COLLEGE GRACE BIBLE COLLEGE Theology 2016-10-14 2 241.1 POW 010855 2025-05-01 2024-07-15 c.1 2016-10-14 Books  
    Dewey Decimal Classification     GRACE BIBLE COLLEGE GRACE BIBLE COLLEGE Theology 2016-10-14   241.1 POW 010856 2025-05-01   c.2 2016-10-14 Books  
    Dewey Decimal Classification     GRACE BIBLE COLLEGE GRACE BIBLE COLLEGE Theology 2016-10-14 3 241.1 POW 010857 2025-05-01 2024-08-08 c.3 2016-10-14 Books 1
    Dewey Decimal Classification     GRACE BIBLE COLLEGE GRACE BIBLE COLLEGE Theology 2016-10-14   241.1 POW 010858 2025-05-01   c.4 2016-10-14 Books  
    Dewey Decimal Classification     GRACE BIBLE COLLEGE GRACE BIBLE COLLEGE Theology 2016-10-14 4 241.1 POW 010859 2025-05-01 2024-10-30 c.5 2016-10-14 Books  
    Dewey Decimal Classification     GRACE BIBLE COLLEGE GRACE BIBLE COLLEGE Theology 2016-10-14   241.1 POW 010860 2025-05-01   c.6 2016-10-14 Books  
© Grace Bible College Library 2025